Environmental studies (Record no. 240706)

MARC details
000 -LEADER
fixed length control field 00852nam a22002657a 4500
005 - DATE AND TIME OF LATEST TRANSACTION
control field 20251203113800.0
008 - FIXED-LENGTH DATA ELEMENTS--GENERAL INFORMATION
fixed length control field 251203b |||||||| |||| 00| 0 eng d
020 ## - INTERNATIONAL STANDARD BOOK NUMBER
International Standard Book Number 9354978940
040 ## - CATALOGING SOURCE
Transcribing agency AL
041 ## - LANGUAGE CODE
Language code of text/sound track or separate title English
082 ## - DEWEY DECIMAL CLASSIFICATION NUMBER
Classification number 574.5
Item number RAJE
100 ## - MAIN ENTRY--PERSONAL NAME
Personal name R Rajagopalan
100 ## - MAIN ENTRY--PERSONAL NAME
9 (RLIN) 247389
245 ## - TITLE STATEMENT
Title Environmental studies
Remainder of title : from crisis to cure
250 ## - EDITION STATEMENT
Edition statement 4.
260 ## - PUBLICATION, DISTRIBUTION, ETC.
Place of publication, distribution, etc. New Delhi
Name of publisher, distributor, etc. Oxford University Press
Date of publication, distribution, etc. 2024
300 ## - PHYSICAL DESCRIPTION
Extent xxvii,315p.
Other physical details PB
Dimensions 24x18cm.
365 ## - TRADE PRICE
Price type code ABDI/0821/25
Price amount ₹431.25
Currency code
Unit of pricing ₹575.00
Price note 25%
Price effective from 13-11-2025
650 ## - SUBJECT ADDED ENTRY--TOPICAL TERM
Topical term or geographic name entry element Humans and the Environment
9 (RLIN) 247370
650 ## - SUBJECT ADDED ENTRY--TOPICAL TERM
Topical term or geographic name entry element Environmental Pollution
9 (RLIN) 247371
650 ## - SUBJECT ADDED ENTRY--TOPICAL TERM
Topical term or geographic name entry element Ecosystems and Natural Resources
9 (RLIN) 247372
650 ## - SUBJECT ADDED ENTRY--TOPICAL TERM
Topical term or geographic name entry element Biodiversity and its Conservation
9 (RLIN) 247373
650 ## - SUBJECT ADDED ENTRY--TOPICAL TERM
Topical term or geographic name entry element Climate Change
9 (RLIN) 247374
650 ## - SUBJECT ADDED ENTRY--TOPICAL TERM
Topical term or geographic name entry element Sustainable Development
9 (RLIN) 247375
942 ## - ADDED ENTRY ELEMENTS (KOHA)
Source of classification or shelving scheme Dewey Decimal Classification
Koha item type Book
Holdings
Withdrawn status Lost status Source of classification or shelving scheme Damaged status Not for loan Collection code Home library Current library Date acquired Source of acquisition Cost, normal purchase price Total Checkouts Full call number Barcode Date last seen Cost, replacement price Price effective from Koha item type Date due Date last checked out
    Dewey Decimal Classification     Computer Science and Engineering St Aloysius Engineering Library St Aloysius Engineering Library 12/03/2025 Academic Book Distributors, Bengaluru-562159 431.25   574.5 RAJE SE000157 12/03/2025 575.00 11/13/2025 Book    
    Dewey Decimal Classification     Computer Science and Engineering St Aloysius Engineering Library St Aloysius Engineering Library 12/03/2025 Academic Book Distributors, Bengaluru-562159 431.25   574.5 RAJE SE000158 12/03/2025 575.00 11/13/2025 Book    
    Dewey Decimal Classification     Computer Science and Engineering St Aloysius Engineering Library St Aloysius Engineering Library 12/03/2025 Academic Book Distributors, Bengaluru-562159 431.25   574.5 RAJE SE000159 12/03/2025 575.00 11/13/2025 Book    
    Dewey Decimal Classification     Computer Science and Engineering St Aloysius Engineering Library St Aloysius Engineering Library 12/03/2025 Academic Book Distributors, Bengaluru-562159 431.25   574.5 RAJE SE000160 12/03/2025 575.00 11/13/2025 Book    
    Dewey Decimal Classification     Computer Science and Engineering St Aloysius Engineering Library St Aloysius Engineering Library 12/03/2025 Academic Book Distributors, Bengaluru-562159 431.25 1 574.5 RAJE SE000161 01/23/2026 575.00 11/13/2025 Book 05/23/2026 01/23/2026